Personal pronouns - Statistiques

Statistiques générales
  • Ce quiz a été pris 96 fois
    95 depuis la dernière actualisation
  • Le résultat moyen est 8 sur 8
Statistiques - réponses
french Anglais % Correct
elle {she}
100%
je {I}
99%
tu {you}
99%
il {he}
98%
Elles/ils {they}
98%
vous {you}
98%
nous {we}
94%
ça {it}
88%
Aucun quiz correspondant
Distribution des résultats
% des personnes avec chaque résultat
Percentile par nombre de réponses
Votre historique - résultats
Vous n’avez pas pris ce quiz depuis la dernière actualisation